Triedenie STS do platových kategórií SPEV 904 329 104 - 01/03.4 : záverečná správa
Salvato in:
| Autore principale: | |
|---|---|
| Altri autori: | |
| Natura: | Libro |
| Lingua: | slovacco |
| Pubblicazione: |
Bratislava
Výskumný ústav ekonomiky poľnohospodárstva a potravinárstva
1984
|
| Tags: |
Nessun Tag, puoi essere il primo ad aggiungerne!!
|
MARC
| LEADER | 00000nam a2200000 4500 | ||
|---|---|---|---|
| 001 | c106932 | ||
| 005 | 20221128071405.8 | ||
| 041 | 0 | |a slo | |
| 044 | |a SK | ||
| 245 | 1 | 0 | |a Triedenie STS do platových kategórií |b SPEV 904 329 104 - 01/03.4 : záverečná správa |c Vladimír Stanovič, Ján Ivan |
| 264 | 1 | |a Bratislava |b Výskumný ústav ekonomiky poľnohospodárstva a potravinárstva |c 1984 | |
| 300 | |a 45 s. | ||
| 100 | 1 | |a Stanovič, Vladimír | |
| 700 | 1 | |a Ivan, Ján | |